[Event "Quebec op"]
[Site "Montreal CAN"]
[Date "1999.07.29"]
[Round "7"]
[White "Duong, Thanh Nha"]
[Black "Moskvitch, Andrei"]
[Result "1/2-1/2"]
[WhiteElo "2332"]
[BlackElo "2011"]
[PlyCount "137"]
[GameId "2160767911742893"]
[EventDate "1999.07.24"]
[EventType "swiss"]
[EventRounds "9"]
[EventCountry "CAN"]

1. d4 d5 2. Nf3 Nf6 3. c4 dxc4 4. e3 e6 5. Bxc4 c5 6. O-O Nc6 7. Nc3 cxd4 8. exd4 Be7 9. Bg5 O-O 10. Rc1 Nd5 11. Bxe7 Ncxe7 12. Bd3 Nf6 13. Ne4 Nxe4 14. Bxe4 Nd5 15. Ne5 b6 16. Qc2 Ba6 17. Bxh7+ Kh8 18. Rfe1 Rc8 19. Qa4 Rxc1 20. Rxc1 Qg5 21. Re1 Nf4 22. g3 Ne2+ 23. Kg2 Qd2 24. Ra1 Bb7+ 25. Kf1 Qxb2 26. Qd7 Nc3 27. Re1 Ba6+ 28. Bd3 Bxd3+ 29. Nxd3 Qxa2 30. Nf4 Nd5 31. Nh5 Qc4+ 32. Kg1 a5 33. Qd6 Re8 34. Qe5 f6 35. Qe4 Re7 36. Qg4 Qc6 37. Qf3 a4 38. Nf4 Qe8 39. Ng2 b5 40. Qd3 b4 41. Nh4 f5 42. Nf3 a3 43. Qb3 Kg8 44. Ne5 Ra7 45. Nd3 a2 46. Qb2 Qa4 47. Ra1 Qa3 48. Qe2 Nc7 49. d5 Qc3 50. Nb2 exd5 51. g4 f4 52. Qe7 Ra8 53. Rxa2 Rxa2 54. Qd8+ Kh7 55. Qh4+ Kg6 56. Qh5+ Kf6 57. Qf5+ Ke7 58. Nd3 Qf6 59. Qc8 Kd6 60. Qb8 f3 61. Qxb4+ Kd7 62. Nc5+ Ke8 63. Qb8+ Qd8 64. Qb6 Re2 65. Qg6+ Kf8 66. Qf5+ Qf6 67. Qc8+ Ne8 68. Nd7+ Kf7 69. Qc1 1/2-1/2

[Event "Quebec op"]
[Site "Montreal CAN"]
[Date "1999.07.29"]
[Round "7"]
[White "Khassanov, Marat"]
[Black "Langen, Roger"]
[Result "0-1"]
[WhiteElo "2367"]
[BlackElo "2150"]
[PlyCount "102"]
[GameId "2160767911742894"]
[EventDate "1999.07.24"]
[EventType "swiss"]
[EventRounds "9"]
[EventCountry "CAN"]
[SourceTitle "EXT 2000"]
[Source "ChessBase"]
[SourceDate "1999.11.18"]
[SourceVersion "1"]
[SourceVersionDate "1999.11.18"]
[SourceQuality "1"]

1. e4 e5 2. Nf3 Nc6 3. Bb5 Nf6 4. O-O Bc5 5. c3 O-O 6. d4 Bb6 7. Qd3 d6 8. Nbd2 Qe7 9. d5 Nb8 10. Nc4 Bd7 11. Bxd7 Nbxd7 12. b4 Nh5 13. a4 a6 14. Nxb6 Nxb6 15. a5 Nd7 16. g3 Rae8 17. c4 f6 18. Ra2 Rf7 19. Rc2 g6 20. Be3 f5 21. Ng5 Rf6 22. c5 f4 23. cxd6 Rxd6 24. Rxc7 fxe3 25. Ne6 Qxe6 26. dxe6 Rxd3 27. exd7 Rd8 28. fxe3 R3xd7 29. Rc5 Rd1 30. b5 Rxf1+ 31. Kxf1 Rd1+ 32. Ke2 Rd7 33. bxa6 bxa6 34. Rc6 Ra7 35. g4 Ng7 36. Kd3 Kf7 37. Kc4 Ne6 38. Kd5 Nd8 39. Rc8 Ke7 40. Kxe5 Kd7 41. Rc5 Rb7 42. h4 Rb5 43. Rxb5 axb5 44. Kd5 Nc6 45. a6 Nb4+ 46. Kc5 Nxa6+ 47. Kxb5 Ke6 48. h5 Nc7+ 49. Kc6 Ne8 50. hxg6 hxg6 51. e5 g5 0-1

[Event "Quebec op"]
[Site "Montreal CAN"]
[Date "1999.07.29"]
[Round "7"]
[White "Linskiy, Oleg"]
[Black "Lazarev, Vladimir"]
[Result "1/2-1/2"]
[WhiteElo "2385"]
[BlackElo "2501"]
[PlyCount "125"]
[GameId "2160767911742895"]
[EventDate "1999.07.24"]
[EventType "swiss"]
[EventRounds "9"]
[EventCountry "CAN"]
[SourceTitle "EXT 2000"]
[Source "ChessBase"]
[SourceDate "1999.11.18"]
[SourceVersion "1"]
[SourceVersionDate "1999.11.18"]
[SourceQuality "1"]

1. c4 c5 2. Nf3 Nc6 3. g3 g6 4. d4 cxd4 5. Nxd4 Bg7 6. Nc2 d6 7. Bg2 Be6 8. Ne3 Qd7 9. Nc3 Rc8 10. Bd2 h5 11. Rc1 h4 12. b3 Bh3 13. Bxh3 Qxh3 14. g4 Nh6 15. f3 f5 16. Qc2 Be5 17. Ncd1 Bg3+ 18. Nf2 Bxf2+ 19. Kxf2 fxg4 20. Rcg1 gxf3 21. Qxg6+ Kd7 22. exf3 Rcg8 23. Qe4 Rxg1 24. Kxg1 Rf8 25. Kf2 Nf5 26. Qg4 Qxg4 27. Nxg4 Nfd4 28. f4 Ne6 29. Rg1 Nxf4 30. Ke3 Ne6 31. Bc3 Ng5 32. Ne5+ Nxe5 33. Bxe5 Rf3+ 34. Ke2 Rf5 35. Bc3 Ne4 36. Be1 Rh5 37. Rg4 Re5 38. Kf1 h3 39. Rh4 Ng5 40. Bg3 Ra5 41. Rh5 b6 42. Bf4 Rf5 43. Rxg5 Rxf4+ 44. Ke2 Rh4 45. Rg8 a5 46. Kf3 Rd4 47. Ke3 e5 48. Rh8 a4 49. Rxh3 axb3 50. axb3 Kc6 51. Ke2 Kc5 52. Rd3 Rh4 53. h3 Rh6 54. Rd5+ Kc6 55. Rd3 b5 56. Kd2 bxc4 57. bxc4 Rh4 58. Kc3 Rf4 59. Kb4 Rf1 60. Ra3 Rb1+ 61. Rb3 Re1 62. Rg3 Ra1 63. Rg8 1/2-1/2

[Event "Quebec op"]
[Site "Montreal CAN"]
[Date "1999.07.29"]
[Round "7"]
[White "Nogueiras, Jesus"]
[Black "Mikanovic, Goran"]
[Result "1-0"]
[WhiteElo "2559"]
[BlackElo "2310"]
[PlyCount "103"]
[GameId "2160767911742896"]
[EventDate "1999.07.24"]
[EventType "swiss"]
[EventRounds "9"]
[EventCountry "CAN"]
[SourceTitle "EXT 2000"]
[Source "ChessBase"]
[SourceDate "1999.11.18"]
[SourceVersion "1"]
[SourceVersionDate "1999.11.18"]
[SourceQuality "1"]

1. c4 c5 2. Nf3 Nf6 3. Nc3 e6 4. g3 b6 5. Bg2 Bb7 6. O-O d6 7. b3 Be7 8. Bb2 a6 9. e3 Nbd7 10. d4 cxd4 11. exd4 O-O 12. d5 e5 13. a4 Re8 14. Nd2 Bf8 15. Ra2 Nc5 16. b4 Ncd7 17. a5 Rb8 18. axb6 Nxb6 19. Qe2 Bc8 20. Nb3 Qe7 21. Na5 Bg4 22. Qd3 Qd7 23. Nc6 Ra8 24. Rfa1 Qc8 25. Ne4 Nxe4 26. Bxe4 f5 27. Bg2 e4 28. Qd4 Nd7 29. Qe3 Qb7 30. h3 Bh5 31. Qg5 Bg6 32. h4 Nb6 33. h5 Bf7 34. Bf1 Nxd5 35. cxd5 Bxd5 36. Nd4 h6 37. Qe3 Bxa2 38. Rxa2 Qxb4 39. Bc3 f4 40. gxf4 Qc5 41. Ra5 Qb6 42. Bc4+ Kh8 43. Nf5 Qxe3 44. Nxe3 Rec8 45. Bd4 Rab8 46. Be6 Rc1+ 47. Kg2 Be7 48. Rxa6 Rf8 49. Ra7 Bf6 50. Bxf6 gxf6 51. Nf5 e3 52. Nh4 1-0

[Event "Quebec op"]
[Site "Montreal CAN"]
[Date "1999.07.29"]
[Round "7"]
[White "Poulin, Maurice"]
[Black "Henson, Joshua"]
[Result "1/2-1/2"]
[WhiteElo "2018"]
[BlackElo "2103"]
[PlyCount "82"]
[GameId "2160767911742897"]
[EventDate "1999.07.24"]
[EventType "swiss"]
[EventRounds "9"]
[EventCountry "CAN"]

1. e4 e6 2. d3 c5 3. Nf3 Nc6 4. Nbd2 g6 5. g3 Bg7 6. Bg2 Nge7 7. O-O O-O 8. Re1 d6 9. c3 Rb8 10. Nf1 a6 11. Be3 Qa5 12. Qd2 Rd8 13. a3 Qc7 14. b4 cxb4 15. axb4 d5 16. Bh6 dxe4 17. Rxe4 Bh8 18. Rae1 e5 19. Ne3 Nf5 20. Nc4 Nxh6 21. Qxh6 Bg7 22. Qh4 Bf5 23. R4e3 Rxd3 24. Bf1 Rdd8 25. g4 Bc2 26. g5 e4 27. Na3 Bd3 28. Bxd3 exd3 29. Nd2 Ne5 30. Nab1 Re8 31. f4 Nf3+ 32. Nxf3 Rxe3 33. Rxe3 Rd8 34. Qe1 Qxf4 35. Nbd2 Bxc3 36. Re4 Bxd2 37. Nxd2 Qxg5+ 38. Kh1 Qd5 39. Kg1 Qg5+ 40. Kh1 Qd5 41. Kg1 Qg5+ 1/2-1/2

[Event "Quebec op"]
[Site "Montreal CAN"]
[Date "1999.07.29"]
[Round "7"]
[White "Saint James, Sonny"]
[Black "Larochelle, Martial"]
[Result "1-0"]
[WhiteElo "1903"]
[BlackElo "2260"]
[PlyCount "69"]
[GameId "2160767911742898"]
[EventDate "1999.07.24"]
[EventType "swiss"]
[EventRounds "9"]
[EventCountry "CAN"]

1. e4 c5 2. Nf3 d6 3. d4 cxd4 4. Nxd4 Nf6 5. Nc3 g6 6. Be3 Bg7 7. f3 Nc6 8. Qd2 O-O 9. Bc4 Bd7 10. h4 Rc8 11. Bb3 Ne5 12. O-O-O Nc4 13. Bxc4 Rxc4 14. h5 Nxh5 15. g4 Nf6 16. Bh6 Nxe4 17. Nxe4 Rxd4 18. Qh2 Be5 19. f4 Rxd1+ 20. Kxd1 Bxg4+ 21. Kc1 Bh8 22. Bxf8 h5 23. Bh6 Qb6 24. Nc3 Bd4 25. Re1 e6 26. Qd2 Bf2 27. Re4 Bf3 28. Na4 Qc6 29. Rd4 Bxd4 30. Qxd4 e5 31. fxe5 Bg4 32. exd6 Qh1+ 33. Kd2 Qd1+ 34. Kc3 Qf3+ 35. Kb4 1-0

[Event "Quebec op"]
[Site "Montreal CAN"]
[Date "1999.07.29"]
[Round "7"]
[White "Schleifer, Michael"]
[Black "Safranska, Anda"]
[Result "1-0"]
[WhiteElo "2333"]
[BlackElo "2267"]
[PlyCount "99"]
[GameId "2160767911742899"]
[EventDate "1999.07.24"]
[EventType "swiss"]
[EventRounds "9"]
[EventCountry "CAN"]
[SourceTitle "EXT 2000"]
[Source "ChessBase"]
[SourceDate "1999.11.18"]
[SourceVersion "1"]
[SourceVersionDate "1999.11.18"]
[SourceQuality "1"]

1. d4 Nf6 2. Nf3 g6 3. Bg5 Bg7 4. Nbd2 c5 5. e3 cxd4 6. exd4 O-O 7. Bd3 Nc6 8. c3 d6 9. O-O h6 10. Bh4 e5 11. dxe5 dxe5 12. Bb5 Qc7 13. Re1 Nh5 14. Nc4 Bg4 15. h3 Bxf3 16. Qxf3 Kh7 17. Bxc6 bxc6 18. Bg3 Nxg3 19. Qxg3 Rfe8 20. Rad1 Rab8 21. Rd2 Re7 22. Red1 Rb5 23. h4 h5 24. Nd6 Rb8 25. Ne4 a5 26. b3 Kh8 27. Rd6 Rf8 28. Qd3 Qc8 29. Qf3 Rc7 30. Nc5 Kh7 31. Nd7 e4 32. Qf4 Rxd7 33. Rxd7 Qe8 34. Qe3 Qe5 35. g3 Bf6 36. R7d4 c5 37. Rxe4 Qxc3 38. Qxc3 Bxc3 39. Rd7 Kg7 40. Rc7 Bd4 41. Ra7 Bc3 42. Kf1 Kf6 43. Ke2 Rd8 44. Rc4 Bb4 45. Rf4+ Ke6 46. a3 Bxa3 47. Rxa5 Bb4 48. Ra6+ Ke5 49. Rxf7 Rd2+ 50. Ke3 1-0

[Event "Quebec op"]
[Site "Montreal CAN"]
[Date "1999.07.29"]
[Round "7"]
[White "Zugic, Igor"]
[Black "Hua, Lefong"]
[Result "1/2-1/2"]
[WhiteElo "2406"]
[BlackElo "2246"]
[PlyCount "33"]
[GameId "2160767911742900"]
[EventDate "1999.07.24"]
[EventType "swiss"]
[EventRounds "9"]
[EventCountry "CAN"]
[SourceTitle "EXT 2000"]
[Source "ChessBase"]
[SourceDate "1999.11.18"]
[SourceVersion "1"]
[SourceVersionDate "1999.11.18"]
[SourceQuality "1"]

1. d4 Nf6 2. c4 c5 3. d5 e6 4. Nc3 exd5 5. cxd5 d6 6. Nf3 g6 7. g3 Bg7 8. Bg2 O-O 9. O-O Na6 10. h3 Nc7 11. a4 b6 12. Nd2 Ba6 13. Re1 Re8 14. e4 Nd7 15. Nf3 Ne5 16. Nxe5 Bxe5 17. Be3 1/2-1/2

[Event "Quebec op"]
[Site "Montreal CAN"]
[Date "1999.07.30"]
[Round "8"]
[White "Baiguildine, Ilias"]
[Black "Hua, Lefong"]
[Result "0-1"]
[WhiteElo "2331"]
[BlackElo "2246"]
[PlyCount "192"]
[GameId "2160767911742901"]
[EventDate "1999.07.24"]
[EventType "swiss"]
[EventRounds "9"]
[EventCountry "CAN"]

1. e4 c5 2. Nf3 e6 3. d4 cxd4 4. Nxd4 a6 5. Nc3 Qc7 6. Be2 Nf6 7. O-O b5 8. Bf3 Ra7 9. Be3 Rb7 10. Qd2 d6 11. a4 b4 12. Na2 e5 13. Nb3 Nc6 14. a5 Be6 15. Qd3 Nxa5 16. Qxa6 Nc4 17. Qa4+ Bd7 18. Qa8+ Rb8 19. Qa7 Qxa7 20. Bxa7 Rb7 21. Nac1 Nxb2 22. Nd3 Nxd3 23. cxd3 Be6 24. Rfb1 Be7 25. Be3 Kd7 26. d4 Bxb3 27. Rxb3 d5 28. Rd1 Nxe4 29. dxe5 Ke6 30. Bd4 h5 31. g4 g6 32. gxh5 gxh5 33. Bg2 Rg8 34. Kf1 Bg5 35. Bh3+ Ke7 36. Ke2 Ra8 37. Rb2 Bf4 38. f3 Ng5 39. Bc5+ Ke8 40. Bf5 Bxe5 41. Rbd2 Ne6 42. Rg1 Nxc5 43. Rg8+ Ke7 44. Rxa8 Ne6 45. Bxe6 fxe6 46. Rda2 Bd4 47. Kd3 b3 48. Kxd4 bxa2 49. Rxa2 Kf6 50. Ke3 Rb4 51. Kf2 Ke5 52. Ra8 Rb2+ 53. Kg3 h4+ 54. Kxh4 Rxh2+ 55. Kg3 Re2 56. Ra4 d4 57. Ra5+ Kd6 58. f4 Re3+ 59. Kf2 Rc3 60. Ke2 Rc5 61. Ra8 Kd5 62. Rd8+ Ke4 63. Rd6 Rc2+ 64. Kd1 Kd3 65. Rxe6 Rf2 66. Kc1 Rf1+ 67. Kb2 Rxf4 68. Rh6 Re4 69. Kc1 Re1+ 70. Kb2 Kd2 71. Rh2+ Re2 72. Rh1 d3 73. Kb3 Re1 74. Rh3 Re3 75. Rh1 Rf3 76. Kb2 Ke2 77. Kc3 Rf2 78. Rg1 Rh2 79. Kb2 Kd2 80. Kb3 Ke3 81. Rg3+ Ke2 82. Rg1 Rh8 83. Rg2+ Ke1 84. Rg1+ Kf2 85. Rg7 Rd8 86. Rf7+ Ke2 87. Re7+ Kd2 88. Rh7 Rb8+ 89. Ka2 Kc2 90. Rc7+ Kd1 91. Rd7 d2 92. Re7 Rb5 93. Ka3 Kc2 94. Rc7+ Kd3 95. Rd7+ Ke3 96. Rd8 Rb1 0-1

[Event "Quebec op"]
[Site "Montreal CAN"]
[Date "1999.07.30"]
[Round "8"]
[White "Ghannoum, Marc"]
[Black "Schleifer, Michael"]
[Result "1-0"]
[WhiteElo "2180"]
[BlackElo "2333"]
[PlyCount "91"]
[GameId "2160767911742902"]
[EventDate "1999.07.24"]
[EventType "swiss"]
[EventRounds "9"]
[EventCountry "CAN"]
[SourceTitle "EXT 2000"]
[Source "ChessBase"]
[SourceDate "1999.11.18"]
[SourceVersion "1"]
[SourceVersionDate "1999.11.18"]
[SourceQuality "1"]

1. e4 g6 2. d4 Bg7 3. Nc3 d6 4. f4 Nf6 5. Nf3 c6 6. Bd3 O-O 7. O-O Na6 8. a3 Qb6 9. Kh1 Bg4 10. h3 Bc8 11. Qe1 Qd8 12. e5 Nd5 13. Ne4 f6 14. Bd2 Nac7 15. c4 Nb6 16. Qg3 d5 17. cxd5 cxd5 18. Nc5 Nc4 19. Bc3 b6 20. Nb3 f5 21. a4 Kh8 22. a5 Ba6 23. Nc1 Bb7 24. a6 Bc6 25. b3 Na5 26. Bxa5 bxa5 27. Rxa5 Ne6 28. Ra3 Qb6 29. Ne2 Qb4 30. Rfa1 Bb5 31. Qe1 Qxe1+ 32. Nxe1 Bc6 33. Rc1 Rac8 34. b4 Bh6 35. g3 g5 36. Rac3 Bd7 37. Rxc8 Bxc8 38. Ng2 Bd7 39. h4 gxf4 40. Ngxf4 Bxf4 41. Nxf4 Nxf4 42. gxf4 Rc8 43. Rc5 Kg7 44. b5 Be6 45. Rxc8 Bxc8 46. Bxf5 1-0

[Event "Quebec op"]
[Site "Montreal CAN"]
[Date "1999.07.30"]
[Round "8"]
[White "Hebert, Jean"]
[Black "Nogueiras, Jesus"]
[Result "1-0"]
[WhiteElo "2454"]
[BlackElo "2559"]
[PlyCount "53"]
[GameId "2160767911742903"]
[EventDate "1999.07.24"]
[EventType "swiss"]
[EventRounds "9"]
[EventCountry "CAN"]
[SourceTitle "EXT 2000"]
[Source "ChessBase"]
[SourceDate "1999.11.18"]
[SourceVersion "1"]
[SourceVersionDate "1999.11.18"]
[SourceQuality "1"]

1. e4 e6 2. d4 d5 3. exd5 exd5 4. c4 Bb4+ 5. Nc3 Ne7 6. Bd3 Nbc6 7. Nge2 O-O 8. Bg5 f6 9. Bf4 Bf5 10. O-O Bxd3 11. Qxd3 Bxc3 12. bxc3 dxc4 13. Qxc4+ Qd5 14. Qd3 Rac8 15. c4 Qf5 16. Qc3 Qa5 17. Qb3 Qa6 18. Rfc1 Rfe8 19. d5 Na5 20. Qa4 Nf5 21. Qd7 g6 22. Ng3 Red8 23. Qa4 Nd6 24. c5 Ndc4 25. Re1 b5 26. Qd1 g5 27. Qh5 1-0

[Event "Quebec op"]
[Site "Montreal CAN"]
[Date "1999.07.30"]
[Round "8"]
[White "Kalinin, Alexander"]
[Black "Reeve, Jeff"]
[Result "1-0"]
[WhiteElo "2425"]
[BlackElo "2264"]
[PlyCount "81"]
[GameId "2160767911742904"]
[EventDate "1999.07.24"]
[EventType "swiss"]
[EventRounds "9"]
[EventCountry "CAN"]

1. e4 c5 2. Nf3 d6 3. d4 cxd4 4. Nxd4 Nf6 5. Nc3 g6 6. Be2 Bg7 7. O-O O-O 8. Nb3 Nc6 9. Re1 Be6 10. Bg5 Rc8 11. Bf1 h6 12. Bh4 Ne5 13. Nd5 Nc4 14. Bxf6 exf6 15. Rb1 Re8 16. Nf4 Qd7 17. Nd4 Kh7 18. b3 Ne5 19. Nb5 g5 20. Nxe6 Rxe6 21. Nd4 Ng6 22. Nxe6 fxe6 23. Qd2 a6 24. Red1 Bf8 25. c4 Be7 26. Rbc1 Qc6 27. c5 dxc5 28. Qd7 b5 29. Be2 Kg7 30. Bh5 Qxd7 31. Rxd7 Nf4 32. Rxe7+ Kf8 33. Rh7 Kg8 34. Ra7 Nxh5 35. g3 f5 36. exf5 exf5 37. Rxa6 Kg7 38. Rb6 c4 39. Rxb5 c3 40. Rxf5 Nf6 41. Re5 1-0

[Event "Quebec op"]
[Site "Montreal CAN"]
[Date "1999.07.30"]
[Round "8"]
[White "Larochelle, Martial"]
[Black "Belanger, Jacques"]
[Result "1-0"]
[WhiteElo "2260"]
[BlackElo "2043"]
[PlyCount "111"]
[GameId "2160767911742905"]
[EventDate "1999.07.24"]
[EventType "swiss"]
[EventRounds "9"]
[EventCountry "CAN"]

1. e4 c5 2. Nc3 Nc6 3. f4 e6 4. Nf3 d5 5. Bb5 Nf6 6. e5 Nd7 7. Bxc6 bxc6 8. d3 Be7 9. O-O O-O 10. Qe1 Qc7 11. b3 Ba6 12. Ba3 Nb6 13. Ne2 c4 14. Bxe7 Qxe7 15. Qa5 Bb7 16. d4 Rfc8 17. b4 c3 18. Nxc3 Nc4 19. Qc5 Qd7 20. Rf2 a5 21. Na4 axb4 22. Qxb4 Rcb8 23. Nc5 Qc7 24. a4 Bc8 25. Qc3 Qb6 26. Nd2 Nxd2 27. Rxd2 Qb2 28. Qxb2 Rxb2 29. Kf2 Ba6 30. Ke1 Bc4 31. Kd1 Rab8 32. Kc1 Ra2 33. Rxa2 Bxa2 34. Nb3 Bxb3 35. cxb3 Kf8 36. Kb2 Ke7 37. Kc3 Kd7 38. g4 h5 39. gxh5 Rh8 40. Rg2 Rh7 41. Rg5 Kc7 42. Kb4 Kb6 43. f5 f6 44. exf6 gxf6 45. Rg6 exf5 46. h6 f4 47. Rxf6 f3 48. h4 Re7 49. a5+ Kb7 50. Rxf3 Re4 51. Rf7+ Ka6 52. Kc5 Rxh4 53. Rc7 Rxh6 54. Rxc6+ Rxc6+ 55. Kxc6 Kxa5 56. Kxd5 1-0

[Event "Quebec op"]
[Site "Montreal CAN"]
[Date "1999.07.30"]
[Round "8"]
[White "Lazarev, Vladimir"]
[Black "Glinert, Stephen"]
[Result "1/2-1/2"]
[WhiteElo "2501"]
[BlackElo "2191"]
[PlyCount "89"]
[GameId "2160767911742906"]
[EventDate "1999.07.24"]
[EventType "swiss"]
[EventRounds "9"]
[EventCountry "CAN"]
[SourceTitle "EXT 2000"]
[Source "ChessBase"]
[SourceDate "1999.11.18"]
[SourceVersion "1"]
[SourceVersionDate "1999.11.18"]
[SourceQuality "1"]

1. d4 Nf6 2. c4 g6 3. Nc3 d5 4. cxd5 Nxd5 5. e4 Nxc3 6. bxc3 Bg7 7. Be3 O-O 8. Qd2 c5 9. Rb1 Nc6 10. d5 Na5 11. Nf3 b6 12. Bh6 e6 13. Be2 exd5 14. Bxg7 Kxg7 15. exd5 Re8 16. O-O Qf6 17. c4 Ba6 18. Rbc1 Re4 19. Bd3 Rf4 20. Qe2 Nb7 21. Rfe1 Nd6 22. Nd2 Re8 23. Qf1 Rxe1 24. Qxe1 Qd4 25. Qe3 Nf5 26. Bxf5 Rxf5 27. Qxd4+ cxd4 28. f3 Re5 29. Kf2 f5 30. a4 Kf6 31. Re1 Rxe1 32. Kxe1 Ke5 33. Ke2 Bc8 34. g3 g5 35. Kd3 Bd7 36. Nb3 Bxa4 37. Nxd4 a6 38. Kc3 Bd1 39. Nc6+ Kd6 40. f4 gxf4 41. gxf4 b5 42. cxb5 axb5 43. Kd4 h5 44. h4 Bf3 45. Nb4 1/2-1/2

[Event "Quebec op"]
[Site "Montreal CAN"]
[Date "1999.07.30"]
[Round "8"]
[White "Letourneau, Martin"]
[Black "Caceres Cortes, Julio"]
[Result "1/2-1/2"]
[WhiteElo "2188"]
[BlackElo "1967"]
[PlyCount "84"]
[GameId "2160767911742907"]
[EventDate "1999.07.24"]
[EventType "swiss"]
[EventRounds "9"]
[EventCountry "CAN"]

1. d4 e6 2. Nf3 Nf6 3. e3 d5 4. Bd3 Bd6 5. Nbd2 Nbd7 6. O-O O-O 7. Qe2 c5 8. c3 a6 9. e4 dxe4 10. Nxe4 Nxe4 11. Qxe4 Nf6 12. Qh4 Re8 13. Rd1 cxd4 14. cxd4 Bd7 15. Ne5 Bc6 16. Qg3 Kf8 17. Be3 Rc8 18. Rac1 Bb8 19. Bc4 Qa5 20. Bd2 Qb6 21. b3 Red8 22. Be3 Qa5 23. a4 Be4 24. Bf4 Bd5 25. Bxd5 Rxc1 26. Rxc1 Qxd5 27. Rc4 g5 28. Ng6+ fxg6 29. Bxb8 Qe4 30. h3 Kg8 31. Ba7 Qe1+ 32. Kh2 Nd5 33. Qe5 Qxf2 34. Qxe6+ Kh8 35. Qe5+ Kg8 36. Rc5 Nf4 37. Qe4 g4 38. hxg4 Rf8 39. Rc2 Qh4+ 40. Kg1 Qg3 41. Kh1 Qh4+ 42. Kg1 Qg3 1/2-1/2

[Event "Quebec op"]
[Site "Montreal CAN"]
[Date "1999.07.30"]
[Round "8"]
[White "Loadman, Ian"]
[Black "Feoktistov, Dmitri"]
[Result "1/2-1/2"]
[WhiteElo "2106"]
[BlackElo "1866"]
[PlyCount "54"]
[GameId "2160767911742908"]
[EventDate "1999.07.24"]
[EventType "swiss"]
[EventRounds "9"]
[EventCountry "CAN"]

1. e4 c6 2. d4 d5 3. Nc3 dxe4 4. Nxe4 Bf5 5. Ng3 Bg6 6. h4 h6 7. h5 Bh7 8. Nf3 Nd7 9. Bd3 Bxd3 10. Qxd3 Qc7 11. Bd2 e6 12. O-O-O Ngf6 13. Kb1 Bd6 14. Ne4 Nxe4 15. Qxe4 Nf6 16. Qe2 O-O-O 17. c4 Kb8 18. Bc3 Rhe8 19. Ne5 Bxe5 20. dxe5 Nd7 21. f4 c5 22. b3 Nb6 23. g4 Rxd1+ 24. Rxd1 Rd8 25. g5 Rxd1+ 26. Qxd1 Nc8 27. Qd3 Qc6 1/2-1/2

[Event "Quebec op"]
[Site "Montreal CAN"]
[Date "1999.07.30"]
[Round "8"]
[White "Marineau, Remi"]
[Black "Wenaas, Eric"]
[Result "0-1"]
[WhiteElo "2086"]
[BlackElo "2276"]
[PlyCount "33"]
[GameId "2160767911742909"]
[EventDate "1999.07.24"]
[EventType "swiss"]
[EventRounds "9"]
[EventCountry "CAN"]

1. e4 e5 2. f4 d5 3. exd5 exf4 4. Bb5+ c6 5. dxc6 Nxc6 6. Qf3 Qb6 7. Nc3 Bd6 8. d4 Nf6 9. d5 Bg4 10. Qd3 O-O-O 11. Qc4 Bb4 12. Bxf4 Nxd5 13. Bd2 Rhe8+ 14. Kf1 Be6 15. Nxd5 Bxd5 16. Qg4+ Be6 17. Qe2 0-1

[Event "Quebec op"]
[Site "Montreal CAN"]
[Date "1999.07.30"]
[Round "8"]
[White "Michaud, Christian"]
[Black "Grondin, Jean-Philippe"]
[Result "1/2-1/2"]
[WhiteElo "2080"]
[BlackElo "2250"]
[PlyCount "119"]
[GameId "2160767911742910"]
[EventDate "1999.07.24"]
[EventType "swiss"]
[EventRounds "9"]
[EventCountry "CAN"]
[SourceTitle "EXT 2000"]
[Source "ChessBase"]
[SourceDate "1999.11.18"]
[SourceVersion "1"]
[SourceVersionDate "1999.11.18"]
[SourceQuality "1"]

1. d4 d5 2. Nf3 Nf6 3. e3 g6 4. Bd3 Bg7 5. Nbd2 b6 6. Qe2 Bb7 7. O-O O-O 8. b3 Ne4 9. Bb2 Nd7 10. Rac1 Re8 11. c4 Nxd2 12. Nxd2 e5 13. cxd5 exd4 14. e4 Bxd5 15. Qd1 Bb7 16. Qc2 c5 17. f4 Nf6 18. Rce1 a6 19. Bc1 Rc8 20. e5 Nd5 21. Nc4 Bf8 22. Bd2 b5 23. Nb2 f5 24. Rf3 Ne3 25. Rfxe3 dxe3 26. Bxe3 Qd5 27. Rd1 Qc6 28. Qf2 Red8 29. Qg3 Kh8 30. Rc1 Rd5 31. Be2 Rd7 32. Nd1 Be7 33. Nf2 Qe6 34. h4 Bd5 35. Nh3 c4 36. bxc4 Bxc4 37. Bf3 Rd3 38. Bf2 Rcd8 39. Ng5 Bxg5 40. Qxg5 Kg7 41. h5 R8d7 42. Bc5 h6 43. Qh4 Rd2 44. a3 Kh7 45. Bd6 R2xd6 46. exd6 Qe3+ 47. Kh2 Qxc1 48. hxg6+ Kg7 49. Bc6 Qxa3 50. Bxd7 Qxd6 51. Bxf5 Qf6 52. Qh3 a5 53. Qg4 a4 54. Bc2 Qd6 55. Qf3 a3 56. Qc3+ Qf6 57. Qxa3 Qxf4+ 58. Kg1 Qd4+ 59. Kh2 Qe5+ 60. Kg1 1/2-1/2

[Event "Quebec op"]
[Site "Montreal CAN"]
[Date "1999.07.30"]
[Round "8"]
[White "Michoura, Mikhail"]
[Black "Fillion, Steve"]
[Result "1/2-1/2"]
[WhiteElo "2121"]
[BlackElo "2075"]
[PlyCount "170"]
[GameId "2160767911742912"]
[EventDate "1999.07.24"]
[EventType "swiss"]
[EventRounds "9"]
[EventCountry "CAN"]

1. e4 e6 2. d4 d5 3. Nc3 Nf6 4. Bg5 Be7 5. e5 Ng8 6. Be3 b6 7. Qg4 g6 8. Nf3 Ba6 9. O-O-O Bxf1 10. Rhxf1 Nc6 11. Ne1 Qd7 12. Qe2 Na5 13. Nd3 Nc4 14. g4 h5 15. h3 O-O-O 16. Kb1 Bf8 17. Bg5 Re8 18. Nf4 h4 19. Ng2 Be7 20. Bxe7 Nxe7 21. b3 Na5 22. Qe3 Nec6 23. Qg5 Qe7 24. Qxe7 Nxe7 25. Ne2 c5 26. c3 cxd4 27. cxd4 Kd7 28. f4 Rc8 29. Rc1 Nac6 30. a3 Rh7 31. Rcd1 Na5 32. Kb2 Nac6 33. Ng1 Rch8 34. Nf3 Rg7 35. Rd3 Rgh7 36. Rc1 a6 37. Rdc3 Rc8 38. R1c2 Rd8 39. Ng5 Rg7 40. Rd2 Rh8 41. Kc2 Nc8 42. Nf3 N8a7 43. Kb2 Nb5 44. Rc1 Nba7 45. Rdc2 Rgh7 46. g5 Rc8 47. Ne3 Ne7 48. Ng4 Rxc2+ 49. Kxc2 Kd8 50. Kd3 Nf5 51. a4 a5 52. Nf6 Rh8 53. Rc3 Ne7 54. Ng4 Nf5 55. Ne1 Ne7 56. Nc2 Nac6 57. Nh6 Rf8 58. Na3 Na7 59. Ke3 Nf5+ 60. Nxf5 gxf5 61. Nc2 Kd7 62. Ne1 Nc6 63. Nf3 Rh8 64. Rc1 Ne7 65. Nd2 Nc6 66. Rg1 Ne7 67. Rc1 Nc6 68. Nb1 Na7 69. Kd3 Rb8 70. Na3 Rd8 71. Rg1 Rg8 72. Rb1 Rb8 73. b4 axb4 74. Rxb4 Kc7 75. Rb2 Rd8 76. Rg2 Rg8 77. Kc3 Kb7 78. Kb3 Ka6 79. Rc2 Kb7 80. Rc1 Rd8 81. Rd1 Rc8 82. Rg1 Rg8 83. Kc3 Rc8+ 84. Kd3 Rg8 85. Rb1 Kc7 1/2-1/2

[Event "Quebec op"]
[Site "Montreal CAN"]
[Date "1999.07.30"]
[Round "8"]
[White "Miezis, Normunds"]
[Black "Langen, Roger"]
[Result "1-0"]
[WhiteElo "2524"]
[BlackElo "2150"]
[PlyCount "78"]
[GameId "2160767911742913"]
[EventDate "1999.07.24"]
[EventType "swiss"]
[EventRounds "9"]
[EventCountry "CAN"]
[SourceTitle "EXT 2000"]
[Source "ChessBase"]
[SourceDate "1999.11.18"]
[SourceVersion "1"]
[SourceVersionDate "1999.11.18"]
[SourceQuality "1"]

1. c4 e5 2. Nc3 Nf6 3. g3 d5 4. cxd5 Nxd5 5. Bg2 Nb6 6. Nf3 Nc6 7. Rb1 a5 8. O-O Be7 9. d3 Be6 10. Bd2 O-O 11. Qc1 f6 12. b3 Rf7 13. Ne1 Nd5 14. f4 Nd4 15. Rf2 exf4 16. gxf4 Nxc3 17. Bxc3 Bc5 18. e3 Nb5 19. Bb2 Ba7 20. Bxb7 Rb8 21. Be4 Nd6 22. f5 Bc8 23. Bd5 Qe7 24. Bxf7+ Kxf7 25. Ng2 Bxf5 26. Qd2 Rb5 27. Bd4 c5 28. Bc3 c4 29. Rbf1 Bxd3 30. bxc4 Bxf1 31. cxb5 Bxb5 32. Qd5+ Qe6 33. Qxe6+ Kxe6 34. Bxa5 Nc4 35. Bd2 Ke5 36. Bc3+ Ke4 37. Bd4 Bb8 38. Rc2 Kd3 39. Rc3+ Ke4 1-0